| 000 | 01008nam a2200217Ia 4500 | ||
|---|---|---|---|
| 003 | IN-BaIIA | ||
| 008 | 211028s9999 xx 000 0 eng d | ||
| 020 | _a0-85403-325-4 | ||
| 040 | _cIIA Library | ||
| 080 |
_a523.64(063) _bDIF |
||
| 111 |
_aRoyal Society Discussion Meeting on Diffuse Matter in the Solar System, Comet Halley and Other Studies _cthe Royal Society, London _d1986 May 21- 22 _916032 |
||
| 245 | 0 |
_aDiffuse matter in the solar system _bproceedings of a royal society discussion meeting on diffuse matter in the solar system, comet Halley and other studies, held in the Royal Society, London, 21 and 22 May 1986 _c edited by G.Turner and C. T.Pillinger |
|
| 260 |
_aLondon _bThe Royal Society _c1987 |
||
| 300 | _a[various pagings.] | ||
| 650 | _aAstronomy and astrophysics thesaurus | ||
| 650 |
_aComet Halley _94021 |
||
| 650 |
_aComets _9755 |
||
| 700 |
_aPillinger, C. T., ed. _916033 |
||
| 700 |
_aTurner, G., ed. _916034 |
||
| 942 | _cBK | ||
| 999 |
_c9516 _d9516 |
||